<?xml version="1.0" encoding="UTF-8"?>
<record
    xmlns:xsi="http://www.w3.org/2001/XMLSchema-instance"
    xsi:schemaLocation="http://www.loc.gov/MARC21/slim http://www.loc.gov/standards/marcxml/schema/MARC21slim.xsd"
    xmlns="http://www.loc.gov/MARC21/slim">

  <leader>00453nam a22001697a 4500</leader>
  <controlfield tag="005">20230109095536.0</controlfield>
  <controlfield tag="008">221216b        |||||||| |||| 00| 0 eng d</controlfield>
  <datafield tag="020" ind1=" " ind2=" ">
    <subfield code="a">978-93-272-4085-6</subfield>
  </datafield>
  <datafield tag="041" ind1=" " ind2=" ">
    <subfield code="a">eng</subfield>
  </datafield>
  <datafield tag="082" ind1=" " ind2=" ">
    <subfield code="a">510.630-BHA-M</subfield>
  </datafield>
  <datafield tag="100" ind1=" " ind2=" ">
    <subfield code="a">BHATNAGAR ,AMIT</subfield>
    <subfield code="9">7350</subfield>
  </datafield>
  <datafield tag="245" ind1=" " ind2=" ">
    <subfield code="a">MATHEMATICAL AGRICULTURE :CONCEPTS AND NUMERICALS </subfield>
  </datafield>
  <datafield tag="260" ind1=" " ind2=" ">
    <subfield code="a">LUDHIANA </subfield>
    <subfield code="b">KALYANI PUBLISHERS </subfield>
    <subfield code="c">2021</subfield>
  </datafield>
  <datafield tag="300" ind1=" " ind2=" ">
    <subfield code="a">234;P.</subfield>
  </datafield>
  <datafield tag="650" ind1=" " ind2=" ">
    <subfield code="a">AGRICULTURE</subfield>
    <subfield code="9">2837</subfield>
  </datafield>
  <datafield tag="942" ind1=" " ind2=" ">
    <subfield code="c">BK</subfield>
  </datafield>
  <datafield tag="999" ind1=" " ind2=" ">
    <subfield code="c">8053</subfield>
    <subfield code="d">8051</subfield>
  </datafield>
  <datafield tag="952" ind1=" " ind2=" ">
    <subfield code="0">0</subfield>
    <subfield code="1">0</subfield>
    <subfield code="4">0</subfield>
    <subfield code="7">0</subfield>
    <subfield code="8">REF</subfield>
    <subfield code="a">JRU</subfield>
    <subfield code="b">JRU</subfield>
    <subfield code="c">SHELF-2-D</subfield>
    <subfield code="d">2022-10-18</subfield>
    <subfield code="e">LOHIA BOOK INTERNATIONAL </subfield>
    <subfield code="g">225.00</subfield>
    <subfield code="l">0</subfield>
    <subfield code="o">510.630-BHA-M</subfield>
    <subfield code="p">26893</subfield>
    <subfield code="r">2022-12-16 00:00:00</subfield>
    <subfield code="w">2022-10-18</subfield>
    <subfield code="y">BK</subfield>
  </datafield>
  <datafield tag="952" ind1=" " ind2=" ">
    <subfield code="0">0</subfield>
    <subfield code="1">0</subfield>
    <subfield code="4">0</subfield>
    <subfield code="7">0</subfield>
    <subfield code="8">AGRICULTURE</subfield>
    <subfield code="a">JRU</subfield>
    <subfield code="b">JRU</subfield>
    <subfield code="c">SHELF-45-H</subfield>
    <subfield code="d">2022-10-18</subfield>
    <subfield code="e">LOHIA BOOK INTERNATIONAL </subfield>
    <subfield code="g">225.00</subfield>
    <subfield code="l">1</subfield>
    <subfield code="o">510.630-BHA-M</subfield>
    <subfield code="p">26894</subfield>
    <subfield code="r">2026-01-10 06:03:40</subfield>
    <subfield code="s">2025-11-12</subfield>
    <subfield code="w">2022-10-18</subfield>
    <subfield code="y">BK</subfield>
  </datafield>
  <datafield tag="952" ind1=" " ind2=" ">
    <subfield code="0">0</subfield>
    <subfield code="1">0</subfield>
    <subfield code="4">0</subfield>
    <subfield code="7">0</subfield>
    <subfield code="8">AGRICULTURE</subfield>
    <subfield code="a">JRU</subfield>
    <subfield code="b">JRU</subfield>
    <subfield code="c">SHELF-45-H</subfield>
    <subfield code="d">2022-10-18</subfield>
    <subfield code="e">LOHIA BOOK INTERNATIONAL </subfield>
    <subfield code="g">225.00</subfield>
    <subfield code="l">3</subfield>
    <subfield code="o">510.630-BHA-M</subfield>
    <subfield code="p">26895</subfield>
    <subfield code="q">2025-10-24</subfield>
    <subfield code="r">2025-10-09 16:40:56</subfield>
    <subfield code="s">2025-10-09</subfield>
    <subfield code="w">2022-10-18</subfield>
    <subfield code="y">BK</subfield>
  </datafield>
  <datafield tag="952" ind1=" " ind2=" ">
    <subfield code="0">0</subfield>
    <subfield code="1">0</subfield>
    <subfield code="4">0</subfield>
    <subfield code="7">0</subfield>
    <subfield code="8">AGRICULTURE</subfield>
    <subfield code="a">JRU</subfield>
    <subfield code="b">JRU</subfield>
    <subfield code="c">SHELF-45-H</subfield>
    <subfield code="d">2022-10-18</subfield>
    <subfield code="e">LOHIA BOOK INTERNATIONAL </subfield>
    <subfield code="g">225.00</subfield>
    <subfield code="l">0</subfield>
    <subfield code="o">510.630-BHA-M</subfield>
    <subfield code="p">26896</subfield>
    <subfield code="r">2022-12-16 00:00:00</subfield>
    <subfield code="w">2022-10-18</subfield>
    <subfield code="y">BK</subfield>
  </datafield>
  <datafield tag="952" ind1=" " ind2=" ">
    <subfield code="0">0</subfield>
    <subfield code="1">0</subfield>
    <subfield code="4">0</subfield>
    <subfield code="7">0</subfield>
    <subfield code="8">AGRICULTURE</subfield>
    <subfield code="a">JRU</subfield>
    <subfield code="b">JRU</subfield>
    <subfield code="c">SHELF-45-H</subfield>
    <subfield code="d">2022-10-18</subfield>
    <subfield code="e">LOHIA BOOK INTERNATIONAL </subfield>
    <subfield code="g">225.00</subfield>
    <subfield code="l">0</subfield>
    <subfield code="o">510.630-BHA-M</subfield>
    <subfield code="p">26897</subfield>
    <subfield code="r">2022-12-16 00:00:00</subfield>
    <subfield code="w">2022-10-18</subfield>
    <subfield code="y">BK</subfield>
  </datafield>
</record>
